000 00185 a2200097 4500
020 _a9789992482650
041 _aspa
100 _aDario, Ruben
245 _aProsas Profanas
942 _cBK
999 _c14637
_d14637